000 00392pab a2200169 454500
008 180718b1997 xxu||||| |||| 00| 0 eng d
100 _aPandey, D.K.
245 _aManagement of non-wood forest products
260 _c1997
300 _ap.23-24
362 _aMar
650 _aForest management
700 _aPandey, Kusum
700 _aKak, Alpna
773 _aYojana
909 _a33513
999 _c33513
_d33513